Statistics for Capitals Closest to the Northern Tip of Russia

Click here to take the quiz!

General Stats

  • This quiz has been taken 80 times
  • The average score is 16 of 20

Answer Stats

kmcapitalmiles% Correct
3325Helsinki2065
99%
3670Oslo2280
97%
3567Stockholm2216
96%
3672Riga2282
95%
3321Ulaanbaatar2063
94%
3905Minsk2426
92%
3402Tallinn2114
92%
3877Vilnius2409
91%
4233Warsaw2630
90%
3916Kiev2607
88%
4248Beijing2639
86%
4379Berlin2720
85%
4068Copenhagen2528
83%
3247Astana2018
79%
3476Moscow2160
79%
3836Reykjavik2383
73%
4356Tashkent2707
65%
4102Bishkek2549
62%
4157Nuuk2583
46%
3808Tórshavn2366
28%

Score Distribution

Percentile by Number Answered

Percent of People with Each Score

Your Score History

You have not taken this quiz